[Event "45th FIDE Chess Olympiad Open"]
[Site "Budapest, Hungary"]
[Date "2024.09.22"]
[Round "11"]
[White "Li, Yiheng"]
[Black "Abdou Ahmed Alem"]
[Result "1/2-1/2"]
[Board "268"]
[WhiteFideId "6006760"]
[BlackFideId "19603720"]
[WhiteElo "1893"]
[BlackElo "1897"]
[WhiteTeam "Hong Kong, China"]
[BlackTeam "Mauritania"]
[WhiteClock "0:16:27"]
[BlackClock "0:46:27"]
[Variant "Standard"]

1. e4 {[%clk 1:30:58]}  c6 {[%clk 1:30:34]} 2. d4 {[%clk 1:31:16]}  d5 {[%clk 1:30:22]} 3. e5 {[%clk 1:31:41]}  Bf5 {[%clk 1:30:44]} 4. Nf3 {[%clk 1:32:06]}  Bg4 {[%clk 1:30:48]} 5. Nbd2 {[%clk 1:29:51]}  e6 {[%clk 1:31:10]} 6. h3 {[%clk 1:29:12]}  Bxf3 {[%clk 1:31:37]} 7. Nxf3 {[%clk 1:29:36]}  Nd7 {[%clk 1:32:00]} 8. Be3 {[%clk 1:26:23]}  Ne7 {[%clk 1:32:21]} 9. Bd3 {[%clk 1:21:23]}  c5 {[%clk 1:32:24]} 10. c4 {[%clk 1:15:56]}  cxd4 {[%clk 1:26:07]} 11. Bxd4 {[%clk 1:16:08]}  Nc6 {[%clk 1:26:23]} 12. Bc3 {[%clk 1:12:57]}  d4 {[%clk 1:15:45]} 13. Nxd4 {[%clk 1:10:31]}  Ndxe5 {[%clk 1:16:03]} 14. Be4 {[%clk 1:05:09]}  Qh4 {[%clk 0:51:12]} 15. Bxc6+ {[%clk 1:00:40]}  Nxc6 {[%clk 0:49:53]} 16. Nxc6 {[%clk 0:55:30]}  Qe4+ {[%clk 0:50:13]} 17. Qe2 {[%clk 0:55:54]}  Qxc6 {[%clk 0:50:37]} 18. O-O-O {[%clk 0:50:33]}  Bd6 {[%clk 0:47:07]} 19. Bxg7 {[%clk 0:43:49]}  Rg8 {[%clk 0:47:26]} 20. Be5 {[%clk 0:41:30]}  O-O-O {[%clk 0:40:01]} 21. Bxd6 {[%clk 0:39:26]}  Rxd6 {[%clk 0:40:28]} 22. Rxd6 {[%clk 0:39:47]}  Qxd6 {[%clk 0:40:53]} 23. g3 {[%clk 0:39:08]}  Rg5 {[%clk 0:32:20]} 24. Rd1 {[%clk 0:37:26]}  Qc7 {[%clk 0:30:37]} 25. Kb1 {[%clk 0:36:15]}  Rc5 {[%clk 0:26:37]} 26. Qg4 {[%clk 0:30:42]}  b6 {[%clk 0:25:46]} 27. b3 {[%clk 0:28:06]}  h5 {[%clk 0:22:56]} 28. Qg8+ {[%clk 0:25:29]}  Kb7 {[%clk 0:23:24]} 29. Qe8 {[%clk 0:24:43]}  Ka6 {[%clk 0:20:46]} 30. Qa4+ {[%clk 0:18:34]}  Ra5 {[%clk 0:19:15]} 31. Qd7 {[%clk 0:18:43]}  Kb7 {[%clk 0:19:43]} 32. Qxc7+ {[%clk 0:18:50]}  Kxc7 {[%clk 0:20:11]} 33. Rd2 {[%clk 0:16:10]}  Rf5 {[%clk 0:20:34]} 34. h4 {[%clk 0:10:52]}  Rf3 {[%clk 0:20:47]} 35. Kc2 {[%clk 0:09:44]}  a5 {[%clk 0:19:04]} 36. Kd1 {[%clk 0:08:41]}  a4 {[%clk 0:18:33]} 37. bxa4 {[%clk 0:05:59]}  Ra3 {[%clk 0:19:00]} 38. Ke2 {[%clk 0:05:59]}  Kc6 {[%clk 0:19:04]} 39. f3 {[%clk 0:04:30]}  Rxa4 {[%clk 0:19:25]} 40. Kd3 {[%clk 0:00:58]}  Ra3+ {[%clk 0:19:28]} 41. Ke4 {[%clk 0:00:39]}  Rc3 {[%clk 0:19:28]} 42. Rd4 {[%clk 0:27:42]}  Ra3 {[%clk 0:49:46]} 43. Kf4 {[%clk 0:24:03]}  Rxa2 {[%clk 0:49:44]} 44. g4 {[%clk 0:24:06]}  Ra5 {[%clk 0:49:30]} 45. Re4 {[%clk 0:24:18]}  Kd6 {[%clk 0:49:58]} 46. gxh5 {[%clk 0:23:54]}  Rxh5 {[%clk 0:50:26]} 47. Kg4 {[%clk 0:23:10]}  Rh8 {[%clk 0:50:14]} 48. Kg5 {[%clk 0:20:57]}  Ke7 {[%clk 0:47:03]} 49. h5 {[%clk 0:21:13]}  Rg8+ {[%clk 0:47:17]} 50. Kh4 {[%clk 0:21:27]}  f5 {[%clk 0:47:00]} 51. Re1 {[%clk 0:19:23]}  Rg2 {[%clk 0:45:10]} 52. Rb1 {[%clk 0:19:12]}  Kf6 {[%clk 0:44:37]} 53. Rxb6 {[%clk 0:18:31]}  Rh2+ {[%clk 0:45:06]} 54. Kg3 {[%clk 0:18:54]}  Rxh5 {[%clk 0:45:24]} 55. Rb1 {[%clk 0:18:32]}  f4+ {[%clk 0:45:04]} 56. Kg4 {[%clk 0:18:21]}  Rc5 {[%clk 0:45:28]} 57. Rc1 {[%clk 0:18:12]}  e5 {[%clk 0:45:57]} 58. Kh3 {[%clk 0:15:49]}  Kf5 {[%clk 0:46:22]} 59. Kg2 {[%clk 0:16:09]}  e4 {[%clk 0:46:32]} 60. fxe4+ {[%clk 0:16:11]}  Kxe4 {[%clk 0:46:27]} 61. Kf2 {[%clk 0:16:27]} 1/2-1/2

[Event "45th FIDE Chess Olympiad Open"]
[Site "Budapest, Hungary"]
[Date "2024.09.22"]
[Round "11"]
[White "Than, Min Hlaing"]
[Black "Pg, Md Omar Ak Hafizon"]
[Result "1-0"]
[Board "269"]
[WhiteFideId "13001353"]
[BlackFideId "10500499"]
[BlackTitle "CM"]
[WhiteElo "2121"]
[BlackElo "2159"]
[WhiteTeam "Myanmar"]
[BlackTeam "Brunei Darussalam"]
[WhiteClock "0:18:04"]
[BlackClock "0:16:47"]
[Variant "Standard"]

1. Nf3 {[%clk 1:30:56]}  d5 {[%clk 1:30:55]} 2. d4 {[%clk 1:31:24]}  Bf5 {[%clk 1:31:00]} 3. c4 {[%clk 1:31:47]}  e6 {[%clk 1:31:07]} 4. Nc3 {[%clk 1:32:12]}  Nc6 {[%clk 1:31:29]} 5. cxd5 {[%clk 1:29:22]}  exd5 {[%clk 1:31:53]} 6. Bf4 {[%clk 1:24:00]}  Nf6 {[%clk 1:29:51]} 7. e3 {[%clk 1:23:31]}  Bd6 {[%clk 1:28:43]} 8. Bg5 {[%clk 1:23:04]}  Be7 {[%clk 1:28:06]} 9. Bb5 {[%clk 1:23:20]}  O-O {[%clk 1:27:52]} 10. Bxc6 {[%clk 1:20:17]}  bxc6 {[%clk 1:28:15]} 11. Ne5 {[%clk 1:20:38]}  Qe8 {[%clk 1:23:19]} 12. O-O {[%clk 1:18:35]}  Kh8 {[%clk 1:13:10]} 13. Rc1 {[%clk 1:18:10]}  Ng8 {[%clk 1:10:41]} 14. Bf4 {[%clk 1:17:02]}  Bd6 {[%clk 1:04:55]} 15. Bg3 {[%clk 1:17:11]}  Ne7 {[%clk 0:57:23]} 16. Na4 {[%clk 1:13:11]}  f6 {[%clk 0:56:07]} 17. Nd3 {[%clk 1:13:00]}  Qg6 {[%clk 0:52:53]} 18. Nf4 {[%clk 1:08:42]}  Qf7 {[%clk 0:50:17]} 19. a3 {[%clk 1:07:43]}  a5 {[%clk 0:50:03]} 20. Re1 {[%clk 1:06:20]}  Rab8 {[%clk 0:40:11]} 21. Qd2 {[%clk 1:04:54]}  Rb5 {[%clk 0:39:37]} 22. Nd3 {[%clk 1:04:07]}  Rfb8 {[%clk 0:38:48]} 23. Ndc5 {[%clk 1:04:13]}  Qg6 {[%clk 0:35:06]} 24. Rc3 {[%clk 1:03:33]}  h5 {[%clk 0:33:11]} 25. Nd3 {[%clk 0:46:24]}  Qh7 {[%clk 0:31:57]} 26. Bxd6 {[%clk 0:42:10]}  cxd6 {[%clk 0:32:13]} 27. f3 {[%clk 0:42:32]}  Rb3 {[%clk 0:24:39]} 28. Nf2 {[%clk 0:42:07]}  Qg6 {[%clk 0:24:02]} 29. Rxb3 {[%clk 0:40:05]}  Rxb3 {[%clk 0:24:26]} 30. Qxa5 {[%clk 0:40:25]}  Qe8 {[%clk 0:22:05]} 31. e4 {[%clk 0:38:46]}  dxe4 {[%clk 0:18:51]} 32. Nxe4 {[%clk 0:38:56]}  Qd7 {[%clk 0:18:10]} 33. Nec3 {[%clk 0:19:45]}  Rb7 {[%clk 0:09:18]} 34. Qa8+ {[%clk 0:15:24]}  Kh7 {[%clk 0:09:38]} 35. Qf8 {[%clk 0:13:56]}  Ng6 {[%clk 0:08:50]} 36. Qe8 {[%clk 0:13:26]}  Qxe8 {[%clk 0:06:27]} 37. Rxe8 {[%clk 0:13:47]}  Nf4 {[%clk 0:06:41]} 38. Rd8 {[%clk 0:12:11]}  d5 {[%clk 0:07:01]} 39. Rd6 {[%clk 0:11:35]}  Nd3 {[%clk 0:04:00]} 40. h4 {[%clk 0:07:04]}  Nxb2 {[%clk 0:01:52]} 41. Nxb2 {[%clk 0:07:11]}  Rxb2 {[%clk 0:02:12]} 42. Rxc6 {[%clk 0:07:29]}  Rb3 {[%clk 0:01:30]} 43. a4 {[%clk 0:06:01]}  Ra3 {[%clk 0:28:09]} 44. Rc5 {[%clk 0:35:51]}  Bc2 {[%clk 0:20:53]} 45. a5 {[%clk 0:36:01]}  Bb3 {[%clk 0:21:07]} 46. Nxd5 {[%clk 0:34:10]}  Ra4 {[%clk 0:20:44]} 47. Ne7 {[%clk 0:33:10]}  g6 {[%clk 0:20:29]} 48. Rc7 {[%clk 0:30:36]}  Kh8 {[%clk 0:18:35]} 49. Nxg6+ {[%clk 0:30:19]}  Kg8 {[%clk 0:18:57]} 50. d5 {[%clk 0:20:39]}  Rxa5 {[%clk 0:17:02]} 51. d6 {[%clk 0:20:41]}  Ra8 {[%clk 0:16:23]} 52. d7 {[%clk 0:20:16]}  Be6 {[%clk 0:16:38]} 53. Nf4 {[%clk 0:20:22]}  Bf5 {[%clk 0:16:35]} 54. Nxh5 {[%clk 0:20:20]}  Kf8 {[%clk 0:16:47]} 55. Rc8+ {[%clk 0:18:04]} 1-0

[Event "45th FIDE Chess Olympiad Open"]
[Site "Budapest, Hungary"]
[Date "2024.09.22"]
[Round "11"]
[White "Lim Teck Guan,Rodney"]
[Black "Kyaw Zay Ya"]
[Result "1-0"]
[Board "270"]
[WhiteFideId "10502629"]
[BlackFideId "13004239"]
[WhiteElo "1931"]
[BlackElo "1818"]
[WhiteTeam "Brunei Darussalam"]
[BlackTeam "Myanmar"]
[WhiteClock "0:13:44"]
[BlackClock "0:42:50"]
[Variant "Standard"]

1. d4 {[%clk 1:30:57]}  d5 {[%clk 1:30:50]} 2. c4 {[%clk 1:31:23]}  c6 {[%clk 1:31:13]} 3. Nf3 {[%clk 1:31:45]}  Nf6 {[%clk 1:31:29]} 4. e3 {[%clk 1:30:26]}  Bf5 {[%clk 1:30:03]} 5. Nc3 {[%clk 1:30:41]}  e6 {[%clk 1:30:15]} 6. Bd3 {[%clk 1:30:28]}  Bg6 {[%clk 1:27:37]} 7. O-O {[%clk 1:30:44]}  Nbd7 {[%clk 1:27:44]} 8. Re1 {[%clk 1:25:45]}  Ne4 {[%clk 1:26:37]} 9. Qc2 {[%clk 1:22:28]}  f5 {[%clk 1:26:30]} 10. Nd2 {[%clk 1:17:00]}  Bd6 {[%clk 1:25:48]} 11. Nf1 {[%clk 1:14:58]}  Qh4 {[%clk 1:25:07]} 12. b3 {[%clk 1:12:05]}  O-O {[%clk 1:24:38]} 13. Bb2 {[%clk 1:11:29]}  Rf6 {[%clk 1:19:35]} 14. f3 {[%clk 1:07:10]}  Raf8 {[%clk 1:18:18]} 15. f4 {[%clk 0:54:12]}  Be8 {[%clk 1:15:13]} 16. g3 {[%clk 0:51:12]}  Qh6 {[%clk 1:15:18]} 17. Re2 {[%clk 0:50:30]}  g5 {[%clk 1:14:56]} 18. Rg2 {[%clk 0:44:54]}  Rg6 {[%clk 1:10:26]} 19. Re1 {[%clk 0:40:42]}  Ndf6 {[%clk 1:08:46]} 20. Be2 {[%clk 0:35:05]}  Qh3 {[%clk 1:07:55]} 21. Bf3 {[%clk 0:34:35]}  Rf7 {[%clk 1:07:18]} 22. Nxe4 {[%clk 0:30:29]}  fxe4 {[%clk 1:06:03]} 23. Bd1 {[%clk 0:30:41]}  Rfg7 {[%clk 1:04:54]} 24. Ree2 {[%clk 0:29:49]}  Rh6 {[%clk 1:04:01]} 25. Ref2 {[%clk 0:29:56]}  Bh5 {[%clk 0:59:36]} 26. Bxh5 {[%clk 0:22:46]}  Rxh5 {[%clk 0:59:56]} 27. Bc1 {[%clk 0:21:16]}  Qf5 {[%clk 0:58:21]} 28. Qd1 {[%clk 0:19:30]}  g4 {[%clk 0:57:21]} 29. c5 {[%clk 0:18:30]}  Bc7 {[%clk 0:57:14]} 30. b4 {[%clk 0:18:53]}  Qg6 {[%clk 0:55:27]} 31. a4 {[%clk 0:18:55]}  Qe8 {[%clk 0:55:42]} 32. Qb3 {[%clk 0:19:16]}  Rf5 {[%clk 0:52:10]} 33. b5 {[%clk 0:19:21]}  Bd8 {[%clk 0:52:11]} 34. Ra2 {[%clk 0:19:28]}  h5 {[%clk 0:52:05]} 35. Bd2 {[%clk 0:18:50]}  Nh7 {[%clk 0:50:12]} 36. Be1 {[%clk 0:19:02]}  Rgf7 {[%clk 0:49:07]} 37. Raf2 {[%clk 0:14:06]}  Qd7 {[%clk 0:44:32]} 38. bxc6 {[%clk 0:08:36]}  Qxc6 {[%clk 0:44:02]} 39. Qb5 {[%clk 0:09:00]}  a6 {[%clk 0:43:14]} 40. Qxc6 {[%clk 0:08:08]}  bxc6 {[%clk 0:43:43]} 41. Rb2 {[%clk 0:08:30]}  Ng5 {[%clk 0:43:20]} 42. Rge2 {[%clk 0:00:32]}  Nf3+ {[%clk 0:42:31]} 43. Kf2 {[%clk 0:29:38]}  h4 {[%clk 1:12:01]} 44. Kg2 {[%clk 0:28:31]}  h3+ {[%clk 1:10:32]} 45. Kf2 {[%clk 0:28:19]}  Bf6 {[%clk 1:05:43]} 46. Bc3 {[%clk 0:28:39]}  Bd8 {[%clk 1:02:50]} 47. Rb8 {[%clk 0:28:57]}  Rd7 {[%clk 1:01:39]} 48. Ba5 {[%clk 0:27:13]}  Rf8 {[%clk 1:02:06]} 49. Rxd8 {[%clk 0:26:01]}  Rfxd8 {[%clk 1:02:05]} 50. Bxd8 {[%clk 0:26:23]}  Rxd8 {[%clk 1:02:30]} 51. Rb2 {[%clk 0:26:51]}  Kf7 {[%clk 1:01:45]} 52. Rb6 {[%clk 0:27:01]}  Rc8 {[%clk 1:01:44]} 53. a5 {[%clk 0:27:23]}  Kf6 {[%clk 1:00:48]} 54. Rxa6 {[%clk 0:27:32]}  Rb8 {[%clk 1:00:39]} 55. Rb6 {[%clk 0:27:56]}  Ra8 {[%clk 1:00:55]} 56. a6 {[%clk 0:28:21]}  Ra7 {[%clk 1:00:59]} 57. Rxc6 {[%clk 0:28:43]}  Kf5 {[%clk 1:00:53]} 58. Rd6 {[%clk 0:26:38]}  Kf6 {[%clk 0:58:10]} 59. Ke2 {[%clk 0:26:39]}  Kf5 {[%clk 0:49:49]} 60. Kd1 {[%clk 0:26:46]}  Rc7 {[%clk 0:50:03]} 61. Rd8 {[%clk 0:23:35]}  Nxd4 {[%clk 0:45:27]} 62. exd4 {[%clk 0:23:44]}  e3 {[%clk 0:45:55]} 63. Nxe3+ {[%clk 0:21:51]}  Ke4 {[%clk 0:46:19]} 64. Nc2 {[%clk 0:22:08]}  Kf3 {[%clk 0:46:11]} 65. Rb8 {[%clk 0:17:20]}  Ra7 {[%clk 0:45:26]} 66. Nb4 {[%clk 0:17:34]}  Kg2 {[%clk 0:45:45]} 67. Ke2 {[%clk 0:15:49]}  Kxh2 {[%clk 0:45:01]} 68. Kf2 {[%clk 0:16:11]}  Rf7 {[%clk 0:45:13]} 69. Rg8 {[%clk 0:15:31]}  e5 {[%clk 0:44:06]} 70. dxe5 {[%clk 0:13:46]}  Rc7 {[%clk 0:43:39]} 71. Nd3 {[%clk 0:13:40]}  Ra7 {[%clk 0:43:57]} 72. Rg6 {[%clk 0:13:54]}  Kh1 {[%clk 0:43:22]} 73. Rb6 {[%clk 0:14:09]}  d4 {[%clk 0:42:50]} 74. f5 {[%clk 0:13:44]} 1-0

[Event "45th FIDE Chess Olympiad Open"]
[Site "Budapest, Hungary"]
[Date "2024.09.22"]
[Round "11"]
[White "Zaw Ye Htut"]
[Black "Pg. Shahridin, Ak. Abdul Wafie"]
[Result "1/2-1/2"]
[Board "271"]
[WhiteFideId "13013955"]
[BlackFideId "10503234"]
[WhiteElo "1815"]
[BlackElo "1912"]
[WhiteTeam "Myanmar"]
[BlackTeam "Brunei Darussalam"]
[WhiteClock "0:02:06"]
[BlackClock "0:01:28"]
[Variant "Standard"]

1. e4 {[%clk 1:30:57]}  c6 {[%clk 1:30:41]} 2. d4 {[%clk 1:31:09]}  d5 {[%clk 1:30:59]} 3. exd5 {[%clk 1:31:04]}  cxd5 {[%clk 1:31:20]} 4. Bd3 {[%clk 1:31:29]}  Nf6 {[%clk 1:31:10]} 5. c3 {[%clk 1:31:46]}  Bg4 {[%clk 1:31:09]} 6. Qb3 {[%clk 1:31:55]}  Qc7 {[%clk 1:31:14]} 7. Ne2 {[%clk 1:31:55]}  Bxe2 {[%clk 1:30:46]} 8. Bxe2 {[%clk 1:32:11]}  e6 {[%clk 1:30:37]} 9. Be3 {[%clk 1:31:19]}  Nbd7 {[%clk 1:28:57]} 10. Nd2 {[%clk 1:31:20]}  Bd6 {[%clk 1:27:51]} 11. h3 {[%clk 1:31:38]}  O-O {[%clk 1:23:17]} 12. O-O {[%clk 1:31:51]}  e5 {[%clk 1:22:36]} 13. dxe5 {[%clk 1:29:17]}  Nxe5 {[%clk 1:22:44]} 14. Bd4 {[%clk 1:27:17]}  Rfd8 {[%clk 1:07:16]} 15. Rfe1 {[%clk 1:24:02]}  Ne4 {[%clk 1:03:01]} 16. Rad1 {[%clk 1:17:35]}  Nc5 {[%clk 0:56:52]} 17. Qc2 {[%clk 1:12:59]}  Ne6 {[%clk 0:55:53]} 18. Nf3 {[%clk 1:05:05]}  Nc6 {[%clk 0:47:12]} 19. Bd3 {[%clk 0:49:54]}  h6 {[%clk 0:41:09]} 20. Bf5 {[%clk 0:49:36]}  Ncxd4 {[%clk 0:40:33]} 21. Nxd4 {[%clk 0:49:15]}  Nxd4 {[%clk 0:40:26]} 22. Rxd4 {[%clk 0:47:50]}  Be5 {[%clk 0:40:28]} 23. Rd2 {[%clk 0:37:29]}  Bf6 {[%clk 0:21:55]} 24. Rde2 {[%clk 0:34:27]}  g6 {[%clk 0:13:05]} 25. Bd3 {[%clk 0:25:48]}  d4 {[%clk 0:10:09]} 26. c4 {[%clk 0:22:01]}  Kg7 {[%clk 0:09:28]} 27. Re4 {[%clk 0:21:18]}  Qc6 {[%clk 0:09:06]} 28. Qe2 {[%clk 0:20:23]}  a5 {[%clk 0:08:33]} 29. h4 {[%clk 0:19:29]}  h5 {[%clk 0:07:50]} 30. Kh2 {[%clk 0:14:48]}  Qd6+ {[%clk 0:07:57]} 31. g3 {[%clk 0:15:04]}  Qc6 {[%clk 0:07:29]} 32. f4 {[%clk 0:12:52]}  Qd7 {[%clk 0:06:17]} 33. Qf3 {[%clk 0:09:10]}  Re8 {[%clk 0:05:28]} 34. f5 {[%clk 0:07:53]}  Rxe4 {[%clk 0:04:11]} 35. Qxe4 {[%clk 0:04:20]}  Qxf5 {[%clk 0:03:06]} 36. Qxf5 {[%clk 0:04:31]}  gxf5 {[%clk 0:03:30]} 37. Bxf5 {[%clk 0:04:00]}  Rd8 {[%clk 0:02:43]} 38. Bd3 {[%clk 0:04:16]}  Rd6 {[%clk 0:01:46]} 39. Kg2 {[%clk 0:02:10]}  Re6 {[%clk 0:01:19]} 40. Re4 {[%clk 0:01:36]}  Rxe4 {[%clk 0:00:53]} 41. Bxe4 {[%clk 0:01:58]}  d3 {[%clk 0:01:05]} 42. Bxd3 {[%clk 0:02:06]}  Bxb2 {[%clk 0:01:28]} 1/2-1/2

[Event "45th FIDE Chess Olympiad Open"]
[Site "Budapest, Hungary"]
[Date "2024.09.22"]
[Round "11"]
[White "Akmal, Ahmad"]
[Black "Linn Phone Myat"]
[Result "0-1"]
[Board "272"]
[WhiteFideId "10503846"]
[BlackFideId "13023977"]
[WhiteElo "1830"]
[BlackElo "1763"]
[WhiteTeam "Brunei Darussalam"]
[BlackTeam "Myanmar"]
[WhiteClock "0:00:39"]
[BlackClock "0:13:17"]
[Variant "Standard"]

1. e4 {[%clk 1:30:58]}  c5 {[%clk 1:30:51]} 2. c3 {[%clk 1:31:11]}  Nf6 {[%clk 1:31:11]} 3. e5 {[%clk 1:31:32]}  Nd5 {[%clk 1:31:35]} 4. Nf3 {[%clk 1:31:28]}  Nc6 {[%clk 1:31:55]} 5. Bc4 {[%clk 1:31:34]}  Nb6 {[%clk 1:30:50]} 6. Bb3 {[%clk 1:31:34]}  c4 {[%clk 1:27:58]} 7. Bc2 {[%clk 1:31:39]}  g6 {[%clk 1:24:07]} 8. d4 {[%clk 1:28:57]}  cxd3 {[%clk 1:23:55]} 9. Qxd3 {[%clk 1:29:05]}  Bg7 {[%clk 1:23:56]} 10. Bf4 {[%clk 1:26:17]}  O-O {[%clk 1:23:08]} 11. O-O {[%clk 1:20:08]}  Kh8 {[%clk 1:07:13]} 12. Nbd2 {[%clk 1:15:14]}  d5 {[%clk 0:58:32]} 13. Qe2 {[%clk 0:54:23]}  d4 {[%clk 0:54:13]} 14. Rad1 {[%clk 0:49:48]}  dxc3 {[%clk 0:46:47]} 15. Ne4 {[%clk 0:49:34]}  Qc7 {[%clk 0:45:33]} 16. Nxc3 {[%clk 0:48:06]}  a6 {[%clk 0:41:17]} 17. h3 {[%clk 0:43:28]}  Be6 {[%clk 0:37:19]} 18. Bd3 {[%clk 0:33:22]}  Nd5 {[%clk 0:24:59]} 19. Nxd5 {[%clk 0:29:46]}  Bxd5 {[%clk 0:25:22]} 20. Bb1 {[%clk 0:23:42]}  Rad8 {[%clk 0:20:21]} 21. Rfe1 {[%clk 0:12:07]}  Bxf3 {[%clk 0:14:14]} 22. Qxf3 {[%clk 0:12:27]}  Bxe5 {[%clk 0:12:09]} 23. Rxd8 {[%clk 0:10:31]}  Rxd8 {[%clk 0:12:23]} 24. Bh6 {[%clk 0:03:27]}  Qa5 {[%clk 0:08:22]} 25. Rc1 {[%clk 0:01:56]}  Bg7 {[%clk 0:07:07]} 26. Bxg7+ {[%clk 0:01:39]}  Kxg7 {[%clk 0:07:31]} 27. a3 {[%clk 0:01:43]}  Qd2 {[%clk 0:06:52]} 28. Rf1 {[%clk 0:00:55]}  Qxb2 {[%clk 0:06:48]} 29. Be4 {[%clk 0:00:51]}  Ne5 {[%clk 0:05:58]} 30. Qg3 {[%clk 0:00:48]}  b5 {[%clk 0:04:51]} 31. Rb1 {[%clk 0:00:52]}  Qd4 {[%clk 0:05:10]} 32. Bb7 {[%clk 0:00:42]}  Rd6 {[%clk 0:05:02]} 33. Re1 {[%clk 0:00:35]}  f6 {[%clk 0:03:37]} 34. Kh2 {[%clk 0:00:41]}  g5 {[%clk 0:02:24]} 35. Re4 {[%clk 0:00:36]}  Qd3 {[%clk 0:02:05]} 36. Re3 {[%clk 0:00:48]}  Qf5 {[%clk 0:02:11]} 37. Re4 {[%clk 0:00:42]}  Ng6 {[%clk 0:01:22]} 38. Qe3 {[%clk 0:00:34]}  e5 {[%clk 0:00:33]} 39. Qc3 {[%clk 0:00:41]}  Qd7 {[%clk 0:00:38]} 40. Ba8 {[%clk 0:00:32]}  Rd4 {[%clk 0:00:36]} 41. Re3 {[%clk 0:27:23]}  Nf4 {[%clk 0:25:31]} 42. Qc5 {[%clk 0:21:04]}  Ne6 {[%clk 0:24:34]} 43. Qb6 {[%clk 0:20:20]}  Rd6 {[%clk 0:23:32]} 44. Qa5 {[%clk 0:19:56]}  Qd8 {[%clk 0:22:38]} 45. Qxd8 {[%clk 0:18:10]}  Rxd8 {[%clk 0:23:03]} 46. Be4 {[%clk 0:18:04]}  Nc5 {[%clk 0:21:42]} 47. Bf5 {[%clk 0:17:41]}  Rd4 {[%clk 0:20:04]} 48. g3 {[%clk 0:16:51]}  Kf7 {[%clk 0:15:36]} 49. Bxh7 {[%clk 0:15:20]}  Ke6 {[%clk 0:15:15]} 50. Rc3 {[%clk 0:13:58]}  Kd6 {[%clk 0:15:13]} 51. Rf3 {[%clk 0:10:33]}  Ke7 {[%clk 0:14:13]} 52. Rc3 {[%clk 0:07:01]}  Rc4 {[%clk 0:14:31]} 53. Re3 {[%clk 0:07:02]}  a5 {[%clk 0:13:07]} 54. Bg8 {[%clk 0:06:35]}  Rc2 {[%clk 0:13:11]} 55. Kg2 {[%clk 0:06:43]}  b4 {[%clk 0:13:02]} 56. axb4 {[%clk 0:06:38]}  axb4 {[%clk 0:13:24]} 57. h4 {[%clk 0:06:34]}  gxh4 {[%clk 0:13:03]} 58. gxh4 {[%clk 0:06:40]}  Kf8 {[%clk 0:13:10]} 59. Bd5 {[%clk 0:05:39]}  Rd2 {[%clk 0:13:11]} 60. Bf3 {[%clk 0:00:47]}  b3 {[%clk 0:12:55]} 61. Rc3 {[%clk 0:00:39]}  b2 {[%clk 0:13:17]} 0-1

[Event "45th FIDE Chess Olympiad Open"]
[Site "Budapest, Hungary"]
[Date "2024.09.22"]
[Round "11"]
[White "Mwale, Joseph"]
[Black "Mompel Ferruz, Xavier"]
[Result "0-1"]
[Board "273"]
[WhiteFideId "16400135"]
[BlackFideId "54585775"]
[WhiteTitle "FM"]
[BlackTitle "FM"]
[WhiteElo "2063"]
[BlackElo "2273"]
[WhiteTeam "Malawi"]
[BlackTeam "Equatorial Guinea"]
[WhiteClock "0:58:10"]
[BlackClock "0:14:21"]
[Variant "Standard"]

1. Nf3 {[%clk 1:30:56]}  d5 {[%clk 1:30:52]} 2. d4 {[%clk 1:31:19]}  Nf6 {[%clk 1:31:14]} 3. c4 {[%clk 1:31:45]}  e6 {[%clk 1:31:30]} 4. g3 {[%clk 1:32:12]}  dxc4 {[%clk 1:31:22]} 5. Bg2 {[%clk 1:32:37]}  Bb4+ {[%clk 1:31:46]} 6. Nc3 {[%clk 1:32:43]}  O-O {[%clk 1:29:39]} 7. O-O {[%clk 1:33:02]}  Bxc3 {[%clk 1:20:27]} 8. bxc3 {[%clk 1:33:28]}  Bd7 {[%clk 1:16:05]} 9. Ba3 {[%clk 1:33:21]}  Re8 {[%clk 1:16:31]} 10. Ne5 {[%clk 1:33:45]}  Bc6 {[%clk 1:16:45]} 11. Nxc6 {[%clk 1:34:00]}  Nxc6 {[%clk 1:14:46]} 12. Qa4 {[%clk 1:33:03]}  Nd5 {[%clk 1:13:33]} 13. Qxc4 {[%clk 1:33:19]}  Qd7 {[%clk 1:04:46]} 14. e4 {[%clk 1:32:42]}  Nb6 {[%clk 1:03:18]} 15. Qb5 {[%clk 1:32:09]}  a6 {[%clk 0:56:13]} 16. Qh5 {[%clk 1:32:08]}  Nc4 {[%clk 0:55:08]} 17. Bc1 {[%clk 1:30:24]}  e5 {[%clk 0:50:41]} 18. d5 {[%clk 1:30:27]}  Na7 {[%clk 0:47:52]} 19. f4 {[%clk 1:29:20]}  Nb5 {[%clk 0:45:51]} 20. f5 {[%clk 1:25:22]}  f6 {[%clk 0:45:53]} 21. Qe2 {[%clk 1:22:49]}  Nbd6 {[%clk 0:46:12]} 22. g4 {[%clk 1:23:08]}  h6 {[%clk 0:44:04]} 23. h4 {[%clk 1:23:24]}  Kf8 {[%clk 0:44:23]} 24. a4 {[%clk 1:20:03]}  Ke7 {[%clk 0:38:22]} 25. Rd1 {[%clk 1:18:53]}  Rg8 {[%clk 0:36:22]} 26. h5 {[%clk 1:18:42]}  Rgb8 {[%clk 0:35:30]} 27. Be3 {[%clk 1:15:59]}  Nxe3 {[%clk 0:32:57]} 28. Qxe3 {[%clk 1:16:27]}  b6 {[%clk 0:32:45]} 29. Bf1 {[%clk 1:16:27]}  Nb7 {[%clk 0:29:32]} 30. Kg2 {[%clk 1:11:58]}  Qd6 {[%clk 0:29:49]} 31. Kf3 {[%clk 1:12:06]}  Qc5 {[%clk 0:29:17]} 32. Qxc5+ {[%clk 1:12:15]}  Nxc5 {[%clk 0:28:43]} 33. Rdb1 {[%clk 1:12:39]}  Kd6 {[%clk 0:28:45]} 34. Ke3 {[%clk 1:12:21]}  Nb7 {[%clk 0:17:07]} 35. Rb4 {[%clk 1:11:36]}  Nc5 {[%clk 0:17:03]} 36. a5 {[%clk 1:08:36]}  bxa5 {[%clk 0:16:06]} 37. Rxa5 {[%clk 1:08:23]}  Rb6 {[%clk 0:14:30]} 38. Rc4 {[%clk 1:08:02]}  Rb5 {[%clk 0:13:45]} 39. Rxb5 {[%clk 1:05:53]}  axb5 {[%clk 0:14:11]} 40. Rb4 {[%clk 1:06:21]}  Ra3 {[%clk 0:14:15]} 41. Bxb5 {[%clk 1:05:11]}  Rxc3+ {[%clk 0:14:00]} 42. Kf2 {[%clk 1:05:16]}  Rb3 {[%clk 0:13:08]} 43. Rxb3 {[%clk 1:05:33]}  Nxb3 {[%clk 0:13:33]} 44. Ke3 {[%clk 1:05:21]}  Kc5 {[%clk 0:13:15]} 45. Ba4 {[%clk 1:04:29]}  Kb4 {[%clk 0:13:29]} 46. Bc6 {[%clk 1:04:10]}  Kc3 {[%clk 0:13:51]} 47. Bb5 {[%clk 0:57:51]}  Na5 {[%clk 0:14:11]} 48. Bd3 {[%clk 0:57:47]}  Nc4 {[%clk 0:14:23]} 49. Ke2 {[%clk 0:58:13]}  Kd4 {[%clk 0:13:26]} 50. Bb1 {[%clk 0:57:52]}  Nd6 {[%clk 0:13:54]} 51. Kf3 {[%clk 0:58:10]}  Nf7 {[%clk 0:14:21]} 0-1